Tri, dva, jeden - slovenčina slovenčina ako cudzí jazyk : úroveň A2
Salvato in:
| Autore principale: | |
|---|---|
| Ente Autore: | |
| Altri autori: | , , , , |
| Natura: | Libro |
| Lingua: | slovacco |
| Pubblicazione: |
Bratislava
Centrum ďalšieho vzdelávania UK v Bratislave
2017
|
| Edizione: | 1. vyd. |
| Soggetti: | |
| Tags: |
Nessun Tag, puoi essere il primo ad aggiungerne!!
|
MARC
| LEADER | 00000nam a2200000 4500 | ||
|---|---|---|---|
| 001 | 0237968 | ||
| 005 | 20240502073841.1 | ||
| 020 | |a 978-80-223-4356-5 | ||
| 041 | 0 | |a slo | |
| 044 | |a SK | ||
| 245 | 1 | 0 | |a Tri, dva, jeden - slovenčina |b slovenčina ako cudzí jazyk : úroveň A2 |c Iveta Andorová, Martina Uličná, Vladimíra Bashir Géčová, Adela Gabríková ; recenzenti: Roman Kvapil, Zlata Ilievová |
| 250 | |a 1. vyd. | ||
| 264 | 1 | |a Bratislava |b Centrum ďalšieho vzdelávania UK v Bratislave |c 2017 | |
| 300 | |a 223 s. |e 1 CD-ROM | ||
| 610 | 2 | 0 | |a slovenčina |
| 610 | 2 | 0 | |a jazyky cudzie |
| 610 | 2 | 0 | |a gramatika |
| 610 | 2 | 0 | |a zásoba slovná |
| 610 | 2 | 0 | |a konverzácia |
| 610 | 2 | 0 | |a výslovnosť |
| 610 | 2 | 0 | |a reálie |
| 610 | 2 | 0 | |a Slovensko |
| 100 | 1 | |a Andorová, Iveta | |
| 700 | 1 | |a Uličná, Martina, 1971- | |
| 700 | 1 | |a Bashir Géčová, Vladimíra | |
| 700 | 1 | |a Gabríková, Adela | |
| 700 | 1 | |a Kvapil, Roman, 1971- | |
| 700 | 1 | |a Ilievová, Zlata | |
| 710 | 2 | |a Centrum ďalšieho vzdelávania UK v Bratislave. Jazyková a odborná príprava cudzincov a krajanov | |